Statistics for Domains of Countries

Click here to take the quiz!

General Stats

  • This quiz has been taken 67 times
  • The average score is 102 of 195

Answer Stats

CountryAnswer% Correct
Afghanistanaf
100%
Albaniaal
96%
Australiaau
89%
Antigua and Barbudaag
85%
Argentinaar
85%
Austriaat
85%
Azerbaijanaz
85%
Bosnia & Herzegovinaba
81%
Belgiumbe
81%
Bahrainbh
81%
Brazilbr
81%
Egypteg
81%
Spaines
81%
Andorraad
78%
Bruneibn
78%
Boliviabo
78%
Bahamasbs
78%
Switzerlandch
78%
Costa Ricacr
78%
Germanyde
78%
Ecuadorec
78%
Gabonga
78%
Georgiage
78%
Greecegr
78%
United Arab Emiratesae
74%
Bulgariabg
74%
Burundibi
74%
Canadaca
74%
Colombiaco
74%
Djiboutidj
74%
Dominican Republicdo
74%
Francefr
74%
Indiain
74%
Barbadosbb
70%
Bangladeshbd
70%
Bhutanbt
70%
Cypruscy
70%
Dominicadm
70%
Ethiopiaet
70%
Finlandfi
70%
Ghanagh
70%
Lithuanialt
70%
Armeniaam
67%
Belizebz
67%
Ivory Coastci
67%
Chilecl
67%
Cubacu
67%
Cape Verdecv
67%
Czech Republiccz
67%
Denmarkdk
67%
Guineagn
67%
Iranir
67%
Japanjp
67%
Moroccoma
67%
Sierra Leonesl
67%
United Kingdomuk
67%
United Statesus
67%
Angolaao
63%
Burkina Fasobf
63%
Botswanabw
63%
Camerooncm
63%
Eritreaer
63%
Fijifj
63%
Gambiagm
63%
Israelil
63%
Italyit
63%
Liechtensteinli
63%
Luxembourglu
63%
Latvialv
63%
Saudi Arabiasa
63%
Swedense
63%
D. R. Congocd
59%
Guatemalagt
59%
Haitiht
59%
Jordanjo
59%
Kenyake
59%
Laosla
59%
El Salvadorsv
59%
Chinacn
56%
Guyanagy
56%
Jamaicajm
56%
Kiribatiki
56%
South Koreakr
56%
Kazakhstankz
56%
Lebanonlb
56%
Monacomc
56%
Russiaru
56%
Syriasy
56%
South Africaza
56%
Hungaryhu
52%
Indonesiaid
52%
Kuwaitkw
52%
Lesothols
52%
Madagascarmg
52%
Maltamt
52%
Sloveniasi
52%
Slovakiask
52%
Somaliaso
52%
Estoniaee
48%
Grenadagd
48%
Irelandie
48%
Liberialr
48%
Libyaly
48%
Moldovamd
48%
Montenegrome
48%
Maliml
48%
Mongoliamn
48%
Mauritaniamr
48%
Malaysiamy
48%
Nicaraguani
48%
New Zealandnz
48%
Qatarqa
48%
São Tomé and Príncipest
48%
Thailandth
48%
East Timortl
48%
Ukraineua
48%
Yemenye
48%
Zambiazm
48%
Croatiahr
44%
Icelandis
44%
Kyrgyzstankg
44%
Mauritiusmu
44%
Maldivesmv
44%
Malawimw
44%
Mexicomx
44%
Namibiana
44%
Nigeriang
44%
Norwayno
44%
Omanom
44%
Polandpl
44%
Romaniaro
44%
Sudansd
44%
Singaporesg
44%
San Marinosm
44%
Tongato
44%
Turkeytr
44%
Vatican Cityva
44%
Belarusby
41%
Fed. States of Micronesiafm
41%
Naurunr
41%
Surinamesr
41%
Eswatinisz
41%
Uzbekistanuz
41%
Venezuelave
41%
Zimbabwezw
41%
Algeriadz
37%
Cambodiakh
37%
Mozambiquemz
37%
Nigerne
37%
Rwandarw
37%
Senegalsn
37%
South Sudanss
37%
Ugandaug
37%
Vietnamvn
37%
Hondurashn
33%
St. Kitts and Neviskn
33%
Nepalnp
33%
Portugalpt
33%
Serbiars
33%
Seychellessc
33%
Trinidad and Tobagott
33%
Tuvalutv
33%
Vanuatuvu
33%
Central African Republiccf
30%
Republic of the Congocg
30%
Marshall Islandsmh
30%
Netherlandsnl
30%
Panamapa
30%
Perupe
30%
Pakistanpk
30%
Soloman Islandssb
30%
Togotg
30%
Tajikistantj
30%
Tanzaniatz
30%
Uruguayuy
30%
St. Vincent and the Grenadinesvc
30%
Myanmarmm
26%
Chadtd
26%
Turkmenistantm
26%
Tunisiatn
26%
Equatorial Guineagq
22%
North Macedoniamk
22%
Papua New Guineapg
22%
Philippinesph
22%
Paraguaypy
22%
Taiwantw
22%
Beninbj
19%
Guinea Bissaugw
19%
Comoroskm
19%
St. Lucialc
19%
Sri Lankalk
19%
Samoaws
19%
North Koreakp
15%
Palaupw
11%
Iraqiw
4%

Score Distribution

Percentile by Number Answered

Percent of People with Each Score

Your Score History

You have not taken this quiz